[Event "Hamburg HSK"]
[Site "Hamburg"]
[Date "1996.??.??"]
[Round "4"]
[White "Mueller, Karsten"]
[Black "Wilhelmi, Christian"]
[Result "1-0"]
[WhiteElo "2490"]
[BlackElo "2355"]
[Annotator "Rechlis,G"]
[PlyCount "79"]
[EventDate "1996.10.03"]
[EventType "tourn"]
[EventRounds "9"]
[EventCountry "GER"]
[EventCategory "9"]
[SourceTitle "CBM 056"]
[Source "ChessBase"]
[SourceDate "1997.02.01"]
[SourceVersion "1"]
[SourceVersionDate "1997.02.01"]
[SourceQuality "1"]

1. e4 c5 2. Nf3 Nc6 3. d4 cxd4 4. Nxd4 Nf6 5. Nc3 d6 6. Bc4 Qb6 7. Nde2 e6 8.
O-O Be7 9. Ng3 a6 10. Bb3 h5 11. h3 h4 12. Nge2 Qc7 (12... Na5 13. Kh1 Qc7 14.
a4 b6 15. Be3 Bb7 16. Qd4 d5 17. exd5 Bc5 18. Qf4 Bd6 19. Qd4 Bc5 20. Qd3 Nxb3
21. cxb3 Bxd5 22. Nxd5 Nxd5 23. Bxc5 Qxc5 24. Rac1 Qe7 25. Nc3 Nxc3 26. bxc3
O-O 27. Rfd1 Rfd8 28. Qe3 Rxd1+ 29. Rxd1 Rd8 30. Rd4 b5 31. axb5 axb5 32. Qe5
Rxd4 33. Qxd4 e5 34. Qd5 Qg5 35. Qa8+ Kh7 36. Qe4+ g6 37. c4 bxc4 38. bxc4 f5
39. f4 exf4 40. Qf3 Qe7 41. Qxf4 Kg7 42. Qf2 Qe4 43. Qb2+ Kf7 {1/2-1/2
Georgiev,K-Topalov,V/Las Palmas 1993}) 13. f4 (13. a4 $1 {It's clear that
black can not castle king side , with this move white puts some pressure on
the queens side which will make it difficult for black to castle there.}) 13...
b5 14. a3 Na5 15. Kh1 (15. f5 $142) 15... Bb7 16. Qd3 d5 $1 $15 17. e5 Ne4 18.
Be3 Rc8 19. Bd4 Nc4 20. Nxe4 dxe4 21. Qc3 g6 22. Rac1 O-O 23. Bxc4 Qxc4 24. Qe3
Rfd8 25. Rfd1 a5 26. Rd2 b4 27. axb4 axb4 28. Rcd1 Ra8 $6 (28... Qa6 29. Kh2
Qa4) 29. Kh2 Ra5 $6 30. g4 $1 hxg3+ 31. Nxg3 $36 Qc6 32. Rg1 Rad5 33. c3 bxc3
34. bxc3 Ra5 35. Rf2 (35. f5) 35... Kh7 $2 36. f5 exf5 37. Nxf5 $1 Bf8 38. Qg5
$1 e3 $2 39. Qh4+ Kg8 40. Qxd8 1-0

[Event "Clarin GP final"]
[Site "Villa Gesell"]
[Date "1997.??.??"]
[Round "8"]
[White "Rodriguez Vila, Andres"]
[Black "Ricardi, Pablo"]
[Result "0-1"]
[WhiteElo "2565"]
[BlackElo "2575"]
[Annotator "Rechlis,G"]
[PlyCount "82"]
[EventDate "1997.03.02"]
[EventType "tourn"]
[EventRounds "11"]
[EventCountry "ARG"]
[EventCategory "11"]
[SourceTitle "CBM 058"]
[Source "ChessBase"]
[SourceDate "1997.06.01"]
[SourceVersion "1"]
[SourceVersionDate "1997.06.01"]
[SourceQuality "1"]

1. e4 c5 2. Nf3 Nc6 3. d4 cxd4 4. Nxd4 Nf6 5. Nc3 d6 6. Bc4 Qb6 7. Nb3 e6 8.
Bf4 Ne5 9. Be2 Bd7 10. g4 h6 $5 $146 (10... Bc6 11. f3 Ng6 12. Bg3 d5 13. exd5
Nxd5 14. Nxd5 Bxd5 15. Qd4 Qxd4 16. Bb5+ Bc6 17. Nxd4 Ne7 18. O-O-O a6 19. Nxc6
Nxc6 20. Bxc6+ bxc6 21. Rd3 $16 {Polgar,J-Short,N/Novgorod 1996/1-0 (58)}) 11.
f3 Rc8 12. Qd2 a6 13. O-O-O Qc7 14. h4 b5 15. g5 Nh5 16. Bh2 hxg5 17. hxg5 g6
18. Nd4 $2 {A strange dicision . Now white's knight is driven to a very
passive position , leaving black a free hand to develope an initiative .} (18.
a3 $142) 18... b4 19. Nb1 Nc4 $1 $17 20. Qxb4 (20. Bxc4 Qxc4 21. Nb3 Bb5 $17)
20... Ne3 21. Rd2 $6 (21. Nc3 Nxd1 22. Rxd1 e5 23. Nd5 (23. Nb3 d5 $2 (23...
Be7 24. Bxa6 Rb8 25. Bb5 Bxg5+ 26. Kb1 O-O $17) 24. Qa5 $14 Qxa5 25. Nxa5 Bb4
26. Bxe5 f6 27. gxf6 Bxa5 28. f7+ Kxf7 29. Bxh8 Rxh8 30. Rxd5 Bxc3 31. Rxd7+
Ke6 32. Ra7 $19) 23... Qd8 24. Nb3 Qxg5+ 25. Kb1 Qg2 $1 $19) 21... Ng3 $1 (
21... e5 $2 22. Nc3 $1 $16 exd4 (22... d5 23. Qb3 Ng3 24. Bxa6 $1 exd4 (24...
Nxh1 25. Bxc8 Bxc8 26. Nxd5 Nxd5 27. Qxd5 Bg7 28. Nb5 $18) 25. Bxc8 Qxc8 26.
Nxd5 Nxd5 27. Qxd5 Nxh1 28. Qe5+ Kd8 29. Qxh8 $18) 23. Qxd4 Ng3 24. Qxh8 Nxh1
25. Bxd6 $1) 22. Bxa6 Nxh1 23. Bxc8 Qxc8 24. Nb5 Qc4 $1 {This move is the
finisher ! White is forced to change pieces with no compensation for the lost
piece .} 25. Nc7+ $6 Qxc7 26. Qd4 Qc4 $1 27. Qxe3 (27. Qxh8 Qf1+ 28. Rd1 Qxd1#)
27... Qf1+ 28. Rd1 Qf2 $1 $19 29. Bg1 Qxe3+ 30. Bxe3 Rh3 31. Nd2 d5 32. exd5
exd5 33. Re1 Kd8 34. c3 Ng3 35. Bd4 Nf5 36. Bf6+ Kc7 37. Kc2 Bd6 38. b3 Bf4 39.
a4 Kd6 40. Kd3 Nh4 41. Be7+ Kc6 0-1

[Event "Moscow op-A 04th"]
[Site "Moscow"]
[Date "2008.02.05"]
[Round "4"]
[White "Abasov, Nijat Azad"]
[Black "Grechihin, Valery"]
[Result "1-0"]
[WhiteElo "2381"]
[BlackElo "2306"]
[Annotator "Reeh,O"]
[PlyCount "59"]
[EventDate "2008.02.02"]
[EventType "swiss"]
[EventRounds "9"]
[EventCountry "RUS"]
[SourceTitle "CBM 123"]
[Source "ChessBase"]
[SourceDate "2008.04.02"]
[SourceVersion "1"]
[SourceVersionDate "2008.04.02"]
[SourceQuality "1"]

1. e4 c5 2. Nf3 Nc6 3. d4 cxd4 4. Nxd4 Nf6 5. Nc3 d6 6. Bc4 Qb6 7. Nde2 e6 8.
O-O Be7 9. Be3 Qc7 10. f3 O-O 11. Qe1 Ne5 12. Bd3 Bd7 13. Qg3 Rfc8 14. Rad1 Kh8
15. f4 Nc4 16. Bc1 Nxb2 17. Bxb2 Qb6+ 18. Kh1 Qxb2 19. e5 Ng8 {Now White gets
a strong initiative. Nun erhält Weiß starke Initiative.} ({Black's best bet
was the exchange sacrifice Die beste Chance für Schwarz war das Qualitätsopfer
} 19... Rxc3 $1 20. Nxc3 (20. Rb1 Rxd3) 20... Qxc3 21. exf6 Bxf6 {when he
should not be worse. , wonach er nicht schlechter stehen sollte.}) 20. exd6 Bf6
21. Ne4 g6 22. Rb1 Qa3 23. Rxb7 Rd8 24. Ng5 Kg7 {[%tqu "En","White's pieces
are ready to fire - what do you suggest?","Black's queen is unprotected.",
"Strike on the kingside - with an eye on the queenside!","g5f7","Destroying
the pawn shield of Black's king, using the vis-a-vis of the queens.",10,"De",
"Die weißen Figuren stehen feuerbereit - was schlagen Sie vor?","Die schware
Dame ist ungedeckt.","Führen Sie einen Schlag am Königsflügel - mit Blick zum
Damenflügel!","g5f7","Zerschlägt den Bauernschild des schwarzen Königs unter
Ausnutzung des vis-a-vis der Damen.",10]} 25. Nxf7 $1 {Destroying the pawn
shield of Black's king, using the vis-a-vis of the queens. Zerschlägt den
Bauernschild des schwarzen Königs unter Ausnutzung des vis-a-vis der Damen.} a6
({The knight is immune: Der Springer ist immun:} 25... Kxf7 26. Bxg6+ hxg6 27.
Qxa3 $18) 26. Nxd8 Rxd8 27. f5 e5 28. fxg6 h6 29. Bf5 Qxd6 30. Qd3 1-0

[Event "Olympiad-29"]
[Site "Novi Sad"]
[Date "1990.11.25"]
[Round "8"]
[White "Wedberg, Tom Birger"]
[Black "Kozul, Zdenko"]
[Result "0-1"]
[WhiteElo "2480"]
[BlackElo "2560"]
[Annotator "Richtrova,E"]
[PlyCount "82"]
[EventDate "1990.11.17"]
[EventType "team-swiss"]
[EventRounds "14"]
[EventCountry "YUG"]
[SourceTitle "TD"]
[Source "ChessBase"]
[SourceDate "1994.03.01"]
[SourceVersion "1"]
[SourceVersionDate "1994.03.01"]
[SourceQuality "1"]
[WhiteTeam "Sweden"]
[BlackTeam "Yugoslavia"]
[WhiteTeamCountry "SWE"]
[BlackTeamCountry "YUG"]

1. e4 c5 2. Nf3 d6 3. d4 cxd4 4. Nxd4 Nf6 5. Nc3 Nc6 6. Bc4 Qb6 7. Nb3 e6 8.
Qe2 a6 9. f4 Qc7 10. Be3 Be7 11. O-O-O b5 12. Bd3 Nd7 $5 {N} (12... Nb4 13.
Kb1 e5 14. Rc1 O-O 15. Rhg1 Be6 $6 (15... exf4 $5) 16. g4 $36 {Kuczynski-Kozul,
Novi Sad ol (5) 1990}) 13. g4 Nc5 14. Nxc5 dxc5 15. e5 Bb7 16. Be4 O-O 17. g5 (
17. Qf2 Na5 18. Bxb7 Nxb7 (18... Qxb7 $5 19. Bxc5 Bxc5 20. Qxc5 Rfc8 21. Qf2 b4
22. Na4 b3 $44) 19. Ne4 c4 20. g5 $40 {P f6}) 17... b4 $1 18. Na4 (18. Bxh7+
Kxh7 19. Qh5+ Kg8 20. Ne4 Nxe5 $1 21. Nf6+ Bxf6 22. gxf6 Bxh1 (22... Ng6 23.
fxg7 Kxg7 24. f5 Rh8 $19) 23. fxe5 $18) 18... Na5 19. Bxb7 Qxb7 20. b3 (20. Kb1
$1) (20. Bxc5 b3 $1 21. axb3 (21. Kb1 Rfc8 $1) 21... Nxb3+ 22. cxb3 Bxc5 23.
Nxc5 Rfc8 24. Qc4 Qb6 25. b4 a5 26. Kb1 axb4 27. Rc1 Qa5 {P b3}) 20... Rac8 21.
Kb1 c4 22. Bb6 cxb3 23. axb3 $2 (23. cxb3 $8 Nc4 $2 (23... Nc6 24. Bc5 Qb5 $5
25. Qxb5 axb5 26. Bxe7 Nxe7 27. Nb6 Rc6 28. Nd7 (28. Rd7 Ng6) 28... Rfc8 {P d5}
) 24. bxc4 Qc6 25. Qc2) 23... Nc4 $1 24. bxc4 Qc6 $1 25. Nb2 Qxb6 26. Rd7 $6 (
26. Rd3 $5 {P h3}) 26... Bc5 27. Rhd1 b3 $1 28. cxb3 Qxb3 29. R7d3 Qb6 30. Rh3
Rb8 31. Rd2 g6 32. Qe1 Be7 {P 33. h4 h5!} 33. Qc1 Rb7 34. Rc2 Rc8 35. Rd3 Bc5
36. Qd2 Rcb8 37. Kc1 Bb4 38. Qe3 Qa5 39. Kd1 Bc5 40. Qd2 Qa1+ 41. Qc1 Qa2 0-1

[Event "USA-ch Gr-A"]
[Site "Salt Lake City"]
[Date "1999.08.24"]
[Round "2"]
[White "Christiansen, Larry Mark"]
[Black "Gulko, Boris F"]
[Result "1-0"]
[WhiteElo "2610"]
[BlackElo "2618"]
[Annotator "Tsesarsky,I"]
[PlyCount "85"]
[EventDate "1999.08.05"]
[EventType "tourn"]
[EventRounds "7"]
[EventCountry "USA"]
[EventCategory "13"]
[SourceTitle "CBM 073"]
[Source "ChessBase"]
[SourceDate "1999.12.01"]
[SourceVersion "1"]
[SourceVersionDate "1999.12.01"]
[SourceQuality "1"]

{[%mdl 8192]} 1. e4 c5 2. Nf3 d6 3. d4 cxd4 4. Nxd4 Nf6 5. Nc3 Nc6 6. Bc4 Qb6
7. Nde2 e6 8. O-O Be7 9. Kh1 (9. a3 O-O (9... Bd7 10. Ba2 a6 11. Kh1 Ne5 12.
Qe1 Bc6 13. Nd4 Qxd4 (13... Nxe4 14. Nxc6 Nxc3 15. Nxe5 Nxa2 16. Nxf7 (16. Be3
Qxb2 17. Nc4 Qxc2 $17 {1-0 Riemersma,L-Belikov,V/op, Cappelle La Grande 1996 
(39)}) 16... Kxf7 17. Rxa2 Bf6 $132) 14. Be3 Nf3 15. Bxd4 Nxe1 16. Raxe1 $11)
10. Ba2 (10. Be3 Qc7 (10... Qxb2 11. Ra2 $18) 11. Nb5 (11. Ng3 a6 12. f4 b5 13.
Bd3 Bb7 14. Qe2 Rfe8 $132 {0-1 Blatny,F-Jansa,V/Havirov 1970 (41)}) 11... Qb8
12. f3 (12. Ng3 a6 13. Nc3 b5 14. Ba2 Ne5 15. Nh5 Nxh5 16. Qxh5 g6 17. Qe2 Bf6
18. f4 Nc4 19. Bxc4 bxc4 20. Qxc4 Qxb2 21. e5 $132 {1-0 Honfi,K-Liptay,L/
Budapest HU ch 1965 (42)}) 12... a6 13. Nbd4 Ne5 14. Ba2 Qc7 15. c4 b6 16. Rc1
Bb7 17. Nf4 Rfe8 18. b4 Bf8 19. Bb3 $14) 10... Ne5 (10... Bd7 11. Qd3 Ne5 12.
Qg3 Rac8 13. Kh1 Nc4 14. f4 d5 15. e5 Ne4 16. Nxe4 dxe4 17. Nc3 e3 18. Bxc4
Rxc4 19. Qxe3 $16 {1-0 Saltaev,M-Riemersma,L/Agios Nikolaos 1995 (42)}) (10...
a6 11. Ng3 (11. Be3 Qc7 12. h3 b5 13. f4 Na5 14. Qd3 Nc4 15. Bc1 Bb7 16. Ng3
Rac8 17. Nce2 Rfe8 (17... d5 18. e5 Ne4 19. c3 $132) 18. c3 $132 {0-1
Sergievsky,V-Csom,I/Budapest 1968 (37)}) 11... Rd8 12. h3 Qc7 13. Qe2 b5 14.
Bd2 Ne5 15. b3 Nc6 16. b4 d5 17. exd5 exd5 18. Rfd1 $132 {0-1 Scholl,E-Ree,H/
Amsterdam IBM 1971 (54)}) 11. Kh1 (11. h3 Bd7 12. Be3 Qc7 13. f4 Nc4 14. Bxc4
Qxc4 15. e5 Ne4 16. b3 Qc6 17. Nxe4 Qxe4 18. Rf3 $11 {1-0 Honfi,K-Drimer,D/
Wijk aan Zee II 1970/Inf 09 (37)}) 11... Bd7 (11... Qa6 12. f4 Nc4 13. Qd3 $14)
(11... Ned7 12. Ng3 Qc6 13. f4 Nc5 14. Qf3 (14. e5 dxe5 15. fxe5 Nfe4 16. Qg4 {
1/2-1/2 Sokolov,A-Ruban,V/Sankt_Peterburg (zt) 1993/Inf 57 (16)} (16. Qg4 Nxg3+
17. Qxg3 Ne4 18. Nxe4 (18. Qg4 Nxc3 19. Bh6 g6 20. Bxf8 Bxf8 21. Qf4 Qc7 22.
bxc3 b6) 18... Qxe4 19. Bh6 Qg6 $132) (16. Ncxe4 Nxe4 17. Nh5 f5 18. exf6 Nxf6
19. Ng3 $14 {[%csl Re6]})) 14... Bd7 15. f5 Kh8 16. Bg5 Rae8 17. Rae1 $14) 12.
f4 Neg4 13. Qd4 $11) (9. Ng3 O-O 10. a3 a6 11. Kh1 Ne5 12. Be2 Qc6 13. f4 Ng6
14. Bd3 b5 15. Nh5 (15. Qe2 Bb7 16. Bd2 $14) 15... Bb7 16. f5 Ne5 (16... exf5
17. Rxf5 Nxh5 (17... Rac8 18. Nxf6+ Bxf6 19. Nd5 $14) 18. Qxh5 $14) 17. Bg5
Ned7 (17... Kh8 18. Nxf6 gxf6 19. Bh4 $14) 18. Qf3 $36 {Dvoirys,S-Lugovoi,A/
Russia (ch) 1996/Inf 66/ (26)}) 9... O-O (9... a6 10. a4 O-O 11. Be3 Qc7 12. f4
Bd7 13. Ng3 Rfe8 14. Be2 (14. Qe2 $5) 14... Bf8 15. a5 $6 (15. Bf3 $14) 15...
Nxa5 16. e5 Nd5 17. Nxd5 exd5 18. Qxd5 Nc6 19. Rad1 Be6 20. Qe4 dxe5 21. f5 Bd7
22. c3 $44 {1-0 Thomas,I-Michaelsen,N/ISR 1988 (31)}) 10. a3 (10. Bb3 d5 11.
exd5 Rd8 12. Nf4 Bb4 13. Nh5 Bxc3 14. bxc3 Nxh5 15. Qxh5 exd5 16. Bxd5 Be6 $16
(16... g6 $2 17. Bxf7+ Kxf7 18. Qxh7+ Kf6 19. Bh6 {1-0 Ciric Dragoljub
M-Mihaljcisin,M/Athens Greece 1968 (19)})) (10. f4 Rd8 11. f5 d5 12. exd5 Qc5
13. Bb3 exd5 14. Ng3 $132 {1/2-1/2 Kiselev,M-Alexeev,A/Erevan ARM T-ch Trade
Unions 1983 (35)}) (10. Ng3 Na5 (10... Qc5 11. Bd3 Nb4 12. Be2 d5 13. e5 Ne4
14. Ngxe4 dxe4 15. a3 Nc6 16. Nxe4 Qxe5 17. Bd3 $11 {0-1 Hector,J-Bengtsson,B/
Linkoping 1984 (42)}) (10... Rd8 11. Bd3 a6 12. Bg5 Bd7 13. f4 Qxb2 14. Qe1
Rac8 15. Rb1 (15. e5 dxe5 16. Bxf6 Bxf6 17. Nh5 Be7 18. Rb1 Qa3 19. Nxg7 Kxg7
20. fxe5 Be8 (20... Kf8) 21. Qg3+ Kh8 22. Bxh7 Nxe5 $4 {1-0 Hector,J-Bielczyk,
J/Stockholm 1985 (22)} (22... Kxh7 23. Rf3 Nxe5 $19) 23. Qg8#) 15... Qa3 16.
Rb3 Qa5 17. Rxb7 $132) (10... a6 11. f4 Qc7 12. a4 Bd7 13. Ba2 Rac8 14. Be3 Na5
15. Bd4 Nc6 16. Bg1 Kh8 17. Qe2 Na5 $132 {1-0 Lwin,A-Chairul/World Cities,
Jakarta INA 1997 (25)}) 11. Bd3 Bd7 12. Qe2 Nc6 13. f4 Qc7 14. Bd2 $14 {
1-0 McTavish,D-Palacios,B/Toronto Closed 1992 (41)}) 10... a6 11. Ba2 Qc7 (
11... Bd7 12. Be3 Qc7 (12... Qxb2 13. Qd2 d5 14. exd5 exd5 15. Bxd5 Nxd5 16.
Rfb1 Qxa1 17. Rxa1 Nxe3 18. Qxd7 $18) 13. f4 Na5 14. Qd3 b5 15. Rad1 Nc4 16.
Bc1 $14 {1/2-1/2 Losev,D-Belikov,V/Moscow 1996 (20)}) (11... Rd8 12. Ng3 d5 13.
exd5 exd5 14. Nh5 (14. Nxd5 Nxd5 15. Bxd5 Be6 16. c4 Bxd5 17. cxd5 Qb5 $11)
14... Be6 15. Nf4 Rd7 16. f3 $14 {1-0 Kasparov Gary-Teplitsky Yan/Simultan Tel
Aviv ISR 1994 (54)}) 12. Ng3 b5 13. f4 Na5 14. f5 (14. Qe2 Bb7 15. f5 Nc4 16.
a4 $14) 14... Nc4 15. Bxc4 (15. Qd4 Bb7 16. a4 Qc6 17. Rd1 Rfc8 18. fxe6 fxe6
19. axb5 axb5 20. Bg5 $132) 15... Qxc4 16. Bg5 (16. Qf3 Bb7 (16... d5 17. Bg5
h6 18. exd5 (18. Bxf6 Bxf6 19. fxe6 fxe6 20. exd5 (20. e5 Be7 21. Qd3 Qxd3 22.
cxd3 Bd7 $15) 20... Bb7 $15) 18... hxg5 19. d6 Bb7 20. Qxb7 Bxd6 $132) 17. Bg5
$132) 16... Ra7 17. Rf4 Qc5 18. Qd2 Rc7 19. Rf3 (19. Rd1) 19... Qe5 20. Rd1 (
20. Bf4 Qc5 21. fxe6 Bxe6 22. Raf1 (22. Rd1 $2 $17 Bg4) (22. Be3 Qc6 $11) 22...
Rfc8 $132) 20... a5 $2 $16 (20... Rc6 $14) 21. b4 $1 (21. Bf4 Qc5 22. fxe6 (22.
Bxd6 Bxd6 23. Qxd6 Qxd6 24. Rxd6 b4 25. axb4 axb4 26. Nd1 Rxc2 $15) 22... Bxe6
23. Bxd6 Bxd6 24. Qxd6 Qxd6 25. Rxd6 b4 $15) 21... axb4 22. axb4 Ng4 $2 $18 (
22... Nd5 23. Nxb5 $1 (23. Bxe7 Nxe7 24. Qxd6 Qxd6 25. Rxd6 exf5 26. exf5 Nxf5
27. Nxf5 Bxf5 28. Kg1 (28. Rxf5 Rxc3 $11) 28... Bxc2 29. Nxb5 $11) 23... Bxg5
24. Qxg5 Ne3 25. Qxe3 Qxb5 26. c3 $16) 23. Bxe7 $2 $16 (23. Bf4 $1 Qf6 (23...
Qxc3 24. Rxc3 Rxc3 25. Qxc3 Nf2+ 26. Kg1 Nxd1 27. Qa1 $18) 24. Nxb5 Rd7 (24...
Qh4 25. Nf1 Rc4 26. Nxd6 Rd8 27. Bg3 $18) 25. Bxd6 Qh4 (25... Ba6 26. fxe6 Qxe6
27. Nc7 Qxd6 28. Qxd6 Rxd6 29. Rxd6 Bxd6 30. Nxa6 $18) 26. h3 Ne5 27. Rc3 {
Seems dangerous, but White has an advantage.} Bb7 (27... Rfd8 28. Qd4 $1 Bf6 (
28... Rxd6 29. Nxd6 $18) 29. Qc5 exf5 30. Qxc8 Rxc8 31. Rxc8+ Bd8 32. Rd5 $1
$18) 28. Qd4 $2 (28. fxe6 fxe6 29. Qe1 $1 Rfd8 30. Rc5 Nf3 31. gxf3 Bxd6 32.
Nxd6 Rxd6 33. Rxd6 Qxh3+ (33... Rxd6 34. Kg2 $18) 34. Kg1 Rxd6 35. Rh5 Rd1 36.
Qxd1 Qxg3+ 37. Kh1 $18) 28... Bf6 29. fxe6 fxe6 (29... Ng4 30. exd7 Bxd4 31.
Rxd4 Ra8 32. Rf3 $18) 30. Rc7 Rxc7 31. Nxc7 Qxg3 32. Nxe6 Re8 33. Nc5 Bc8 34.
Qd5+ Kh8 35. Qb3 $44 (35. c4 Bxh3 $19)) 23... Rxe7 24. Qg5 $2 $14 (24. Qxd6 Rd7
25. Qxe5 Rxd1+ 26. Nxd1 Nxe5 27. Rc3 Rd8 28. Ne3 $16) 24... exf5 25. Nd5 Ra7 (
25... Ree8 26. exf5 $16) 26. exf5 Nh6 27. Rff1 $6 $132 (27. c3 {[%csl Ya1]
[%cal Ga7a1,Ge5a1]} f6 (27... Kh8 28. Qh5 Nxf5 29. Rxf5 Bxf5 30. Qxf5 (30. Nxf5
Rfa8 31. Qf3 Ra1 32. Nfe3 $132) 30... Rfa8 31. Qf1 $14) 28. Qh5 $16) 27... f6
28. Qh5 Qb2 29. Qe2 Nf7 $5 (29... Ra2 $2 {[%cal Ga7g7]} 30. Ne4 Qxc2 31. Ne7+
Kh8 32. Rd2 Qxe4 33. Rxa2 Qxb4 34. Ra8 Qc5 35. Re1 (35. Nxc8 Rxc8 36. Rxc8+
Qxc8 37. Qxb5 $16) 35... Ng8 36. Nxc8 Rxc8 37. Rxc8 Qxc8 38. Qxb5 $16) (29...
Kh8 $1 $11) 30. Qf2 Ra2 $4 $18 (30... Ra3 $1 {[%cal Ga3g3]} 31. Nh5 Bb7 $132 {
And White can't play Qg3.}) 31. Nh5 Ng5 (31... Qxc2 32. Qg3 Ng5 33. h4 $18) (
31... Kh8 32. Qg3 Rg8 33. Ne7 Ra3 34. Rd3 Rxd3 35. cxd3 Qe2 36. Re1 Qxh5 37.
Nxg8 Ne5 38. Ne7 $18) 32. Qg3 Qe5 (32... Bb7 33. h4 Ra3 34. Qg4 Bxd5 35. Rxd5
$18) (32... Rf7 33. Rde1 $18 (33. h4 Ne4)) {[%tqu "En","?","","","d5f6","",10]}
33. Ndxf6+ $1 gxf6 34. Qb3+ Be6 35. fxe6 Rb2 36. Qd3 Nxe6 (36... Ne4 37. Nf4
Rc8 (37... Rxb4 38. e7 Re8 39. Nd5 Rc4 40. Rb1 Rd4 41. Qxb5 $18) 38. Qf3 $1 $18
) 37. Rf5 Qd4 38. Qe2 Qc4 39. Nxf6+ Kg7 (39... Rxf6 40. Qxc4 bxc4 41. Rxf6 $18)
40. Qf2 $2 $16 {Unless it is possible to do without blunders?} (40. Nh5+ $2 Kg6
41. Qxc4 bxc4 42. Rxf8 Nxf8 43. Nf4+ Kf5 44. Nd5 Ke5 45. c3 Nd7 46. h3 $16) (
40. Qf3 $1 Kh8 41. Ng4 $18) 40... Qxc2 $2 $18 (40... Rxc2 $1 41. Qa7+ (41. Qf3
Rc1 42. Nh5+ Kg6 43. Rxf8 Rxd1+ 44. Qxd1 Nxf8 $11) (41. Qg3+ Kh8 42. Qxd6 Rc1
$1 $14 (42... Qe2 43. Rg1 Rd8 44. Qe5 Qxe5 45. Rxe5 Rd6 46. Rxb5 Nc7 47. Rb8+
Kg7 48. Ne4 $18)) 41... Qc7 (41... Nc7 42. Qe3 Ne6 (42... Rxf6 43. Qg5+ Rg6 44.
Qe7+ Kh8 45. Rf8+ Qg8 46. Rxg8+ $18) 43. Nh5+ Kg6 44. Rxf8 Nxf8 45. Rxd6+ $18)
42. Nh5+ Kg8 43. Rxf8+ Kxf8 (43... Nxf8 44. Qd4 Rc4 45. Qd5+ Kh8 46. Rf1 Qe7
47. Qa8 Kg8 48. h3 $1 $18) 44. Qa8+ Ke7 45. Qe4 $16) 41. Nh5+ Kg6 42. Rf6+ Kxh5
43. Qf3+ 1-0